Statistics for Rock Songs #7

Click here to take the quiz!

General Stats

  • This quiz has been taken 47 times
  • The average score is 7 of 20

Answer Stats

Song NameNumber of Spotify Streams to nearest MillionArtist% Correct
Every Breath You Take1913The Police
96%
Sympathy For The Devil558The Rolling Stones
82%
Dirty Deeds Done Dirty Cheap339AC/DC
73%
One556U2
60%
Are you Experienced?16The Jimi Hendrix Experience
56%
Beth67Kiss
53%
I fought the Law118The Clash
51%
My own Worst Enemy322Lit
38%
Fat Lip418Sum 41
33%
1985317Bowling For Soup
31%
Woman170Wolfmother
24%
Hate To Say I Told You So233The Hives
18%
Rock The Night84Europe
13%
Alt Jeg Trenger6Oslo Ess
13%
Noen å Hate6Raga Rockers
13%
Dead Leaves And The Dirty Ground39The White Stripes
13%
O Dessvere5Skambankt
11%
Spacegrass12Clutch
9%
Stone The Crow30DOWN
7%
Space Lord43Monster Magnet
7%

Score Distribution

Percentile by Number Answered

Percent of People with Each Score

Your Score History

You have not taken this quiz